|
|
|
|
| LEADER |
00000nam0a2200000 4500 |
| 001 |
373683 |
| 005 |
20231102012604.0 |
| 035 |
|
|
|a (RuTPU)RU\TPU\retro\31113
|
| 035 |
|
|
|a RU\TPU\book\248713
|
| 090 |
|
|
|a 373683
|
| 100 |
|
|
|a 20221216d1975 m y0rusy50 ca
|
| 101 |
0 |
|
|a rus
|
| 102 |
|
|
|a UA
|
| 105 |
|
|
|a a j 001zy
|
| 200 |
1 |
|
|a Пособие термисту инструментального цеха
|f И. С. Каменичный
|
| 210 |
|
|
|a Киев
|c Технiка
|d 1975
|
| 215 |
|
|
|a 173 с.
|c ил.
|
| 320 |
|
|
|a Библиогр.: с. 171.
|
| 606 |
1 |
|
|a Термические цехи
|x Оборудование
|2 stltpush
|3 (RuTPU)RU\TPU\subj\59900
|9 77395
|
| 610 |
1 |
|
|a машиностроение
|
| 610 |
1 |
|
|a термисты
|
| 610 |
1 |
|
|a стали
|
| 610 |
1 |
|
|a нагревание
|
| 610 |
1 |
|
|a охлаждение
|
| 610 |
1 |
|
|a качество
|
| 610 |
1 |
|
|a термическая обработка
|
| 610 |
1 |
|
|a химико-термическая обработка
|
| 610 |
1 |
|
|a инструменты
|
| 610 |
1 |
|
|a цементация
|
| 610 |
1 |
|
|a азотирование
|
| 610 |
1 |
|
|a цианирование
|
| 610 |
1 |
|
|a борирование
|
| 610 |
1 |
|
|a брак
|
| 610 |
1 |
|
|a режущие инструменты
|
| 610 |
1 |
|
|a измерительные инструменты
|
| 610 |
1 |
|
|a штампы
|
| 675 |
|
|
|a 621.78
|v 3
|
| 700 |
|
1 |
|a Каменичный
|b И. С.
|g Иосиф Соломонович
|
| 801 |
|
1 |
|a RU
|b 63413507
|c 20121218
|
| 801 |
|
2 |
|a RU
|b 63413507
|c 20221216
|g RCR
|
| 942 |
|
|
|c BK
|